|
|
|
|
| LEADER |
00000nam#a2200000#a#4500 |
| 001 |
011489 |
| 005 |
20160721150629.0 |
| 008 |
960521s1990####sp##################spa#d |
| 020 |
|
|
|a 8474324076
|
| 040 |
|
|
|a AR-beUNQ
|
| 099 |
|
|
|a 01-G11
|
| 100 |
1 |
|
|a Gabriel, Oscar W
|
| 245 |
0 |
0 |
|a Cambio social y cultura política : el caso de la República Federal de Alemania
|c Oscar W Gabriel.
|
| 260 |
|
|
|a Barcelona :
|b Gedisa,
|c 1990
|
| 300 |
|
|
|a 199 p. :
|b gráficos, tablas
|
| 490 |
0 |
|
|a Estudios alemanes
|
| 650 |
|
7 |
|a POLITICA
|2 Spines
|
| 650 |
|
7 |
|a DEMOCRACIA
|2 Spines
|
| 650 |
|
7 |
|a PARTIDOS POLITICOS
|2 Spines
|
| 650 |
|
7 |
|a CAMBIO SOCIOCULTURAL
|2 Spines
|
| 929 |
|
|
|a COMPRA
|b Lib. Celtia
|c Exp. 827-0782/95
|d 19
|e 1995
|j 14674
|
| 929 |
|
|
|a COMPRA
|b Lib. Celtia
|c Exp. 827-0782/95
|d 19
|e 1995
|j 14675
|
| 942 |
|
|
|c LIB
|n 0
|
| 999 |
|
|
|c 13905
|d 89292
|